[Event "Hampstead IM"]
[Site "Hampstead"]
[Date "1998.03.28"]
[Round "5"]
[White "Aagaard, Jacob"]
[Black "Williams, Simon Kim"]
[Result "1-0"]
[WhiteElo "2395"]
[BlackElo "2315"]
[Annotator "Aagaard,J"]
[PlyCount "50"]
[EventDate "1998.03.25"]
[EventType "tourn"]
[EventRounds "9"]
[EventCountry "ENG"]
[EventCategory "4"]
[SourceTitle "EXT 2001"]
[Source "ChessBase"]
[SourceDate "2000.11.22"]
[SourceVersion "1"]
[SourceVersionDate "2000.11.22"]
[SourceQuality "1"]

1. d4 e6 2. c4 f5 3. Nf3 Nf6 4. Nc3 c6 $6 5. Qc2 d5 6. Bf4 Be7 7. e3 O-O 8. Bd3
Ne4 9. g4 $1 $14 Qa5 10. Ke2 Kh8 11. h4 $5 Nd7 12. h5 Ndf6 $2 13. Ne5 Nxc3+ 14.
bxc3 Ne4 $2 15. Bxe4 fxe4 {[%tqu "En","Can white win?","","","e5g6","",10]} 16.
Ng6+ $3 hxg6 17. hxg6+ Kg8 18. Qc1 $1 {[%csl Rh7][%cal Rc1h1,Rh1h8]} Qd8 {
[%tqu "En","Now how can white stop Bh4?","","","f4c7","",10]} 19. Bc7 $1 Rxf2+
$2 (19... Bh4 $1 20. Bxd8 Rxf2+ 21. Kd1 Bxd8 22. Ke1 Rf3 23. Ke2 Rg3 24. Qa3 $1
$18) 20. Kxf2 Bh4+ 21. Ke2 Qg5 22. Qg1 $1 e5 23. Qh2 Bxg4+ 24. Kd2 exd4 25.
cxd4 dxc4 {[%cal Rc7a5]} 1-0

[Event "Bern op"]
[Site "Bern"]
[Date "1994.??.??"]
[Round "6"]
[White "Gulko, Boris F"]
[Black "Milov, Leonid"]
[Result "1-0"]
[WhiteElo "2615"]
[BlackElo "2585"]
[Annotator "Ambroz,J"]
[PlyCount "87"]
[EventDate "1994.02.??"]
[EventType "swiss"]
[EventRounds "9"]
[EventCountry "SUI"]
[SourceTitle "CBM 039"]
[Source "ChessBase"]
[SourceDate "1994.04.01"]
[SourceVersion "1"]
[SourceVersionDate "1994.04.01"]
[SourceQuality "1"]

1. c4 c6 2. d4 d5 3. e3 e6 4. Nf3 f5 5. Bd3 Nf6 6. O-O Bd6 7. b3 Qe7 8. a4 (8.
Bb2 Bd7 9. Qc1 O-O 10. Ba3 Be8 $5 11. Bxd6 Qxd6 12. Qa3 Qxa3 13. Nxa3 Bh5 14.
Rfc1 Bxf3 $13 {Michaelsen,N-Backwinkel,P, Deutschland 1989}) 8... O-O 9. Ba3
Bxa3 10. Rxa3 (10. Nxa3 Ne4 (10... a5 11. Nc2 Bd7 12. Ne5 Be8 13. cxd5 {
1/2, Adamski,J-Bany,J, Polska-ch}) 11. Nc2 Nd7 12. Qe1 a5 $1 13. Nd2 b6 14. f3
Nxd2 15. Qxd2 Nf6 16. Rfd1 Ba6 17. Ne1 Rfc8 18. Rac1 Qb7 19. Qf2 c5 $10 {
Kortschnoi,V-Jusupow,A, Montpellier ct 1985}) 10... g6 (10... a5 $142 $5) 11.
a5 Nbd7 (11... a6 12. Qc1 $5 (12. Ne5 Nbd7 13. f4 $5) 12... Nbd7 13. Nc3 Ne4
14. Na4 {>< b6}) 12. cxd5 exd5 {[#]} 13. a6 $1 Ne4 (13... b6 14. Qc1 c5 (14...
Qd6 15. Ne5 $5 Nxe5 16. dxe5 Qxe5 17. Qxc6 $14) 15. Bb5 $1) 14. Qc1 Rf6 (14...
c5 15. axb7 (15. Nc3 Nxc3 16. Qxc3 cxd4 17. Qxd4 Qxa3 18. Qxd5+ Kh8 19. axb7
Bxb7 $17)) 15. axb7 Bxb7 16. Ra5 a6 17. Nbd2 c5 (17... g5 18. Bxe4 fxe4 19.
Nxg5 Rg6 20. Nh3 $16) (17... Qg7 18. Ne5 $5 Nxe5 19. dxe5 Re6 20. f4 {/\
Nf3-d4, Bxe4()}) 18. Qa3 Qf8 19. Qa4 $5 (19. dxc5 Ndxc5 20. b4 Nxd3 21. Qxd3
Qxb4 22. Rxd5 Nc5 $15) 19... Bc6 20. Qa1 Bb7 21. Rc1 Rc6 (21... f4 22. Bxe4
dxe4 23. Ne5 $1 $16) 22. Ra2 Qf6 {[#]} 23. Bb5 $1 Nxd2 (23... axb5 24. Rxa8+
Bxa8 25. Qxa8+ Nf8 26. Ne5 $18) 24. Nxd2 axb5 25. Rxa8+ Bxa8 26. Qxa8+ Kg7 27.
Qb7 $5 (27. dxc5 Qb2 (27... Rxc5 $2 28. Rxc5 Nxc5 29. Qa7+) 28. Rb1 $16) 27...
Qd6 28. dxc5 Rc7 29. cxd6 Rxb7 30. Rc7 $1 Rxc7 31. dxc7 $18 Nb6 32. Nf3 $1 (32.
b4 Kf6 33. Nb1 Ke5 34. Nc3 Kd6 (34... d4 35. f4+) 35. Nxb5+ Kc6 36. Nd4+ Kxc7
37. Ne6+ Kc6 38. Nf8 $18) 32... Kf6 33. Nd4 b4 34. Nc6 Ke6 35. Nxb4 Kd7 36. Na6
Kc6 37. Kf1 h6 38. Ke2 Kb7 39. Nb4 Kxc7 40. Kd3 g5 41. Kd4 Kd6 42. h3 Ke6 43.
Nd3 h5 44. Kc5 1-0

[Event "ESP-ch"]
[Site "El Sauzal"]
[Date "2010.09.06"]
[Round "3"]
[White "Arizmendi Martinez, Julen Luis"]
[Black "Argandona Riveiro, Inigo"]
[Result "1-0"]
[WhiteElo "2540"]
[BlackElo "2408"]
[Annotator "Arizmendi,J"]
[PlyCount "92"]
[EventDate "2010.09.04"]
[EventType "swiss"]
[EventRounds "9"]
[EventCountry "ESP"]
[SourceTitle "CBM 138 Extra"]
[Source "ChessBase"]
[SourceDate "2010.10.29"]
[SourceVersion "1"]
[SourceVersionDate "2010.10.29"]
[SourceQuality "1"]

1. d4 d5 2. c4 e6 3. Nf3 c6 4. e3 f5 5. Bd3 {My opponent is quite fond of the
Stonewall structure. Exchanging dark-squared bishops is one of the most
annoying plans against this setup, and that´s what I prepared for this game.}
Bd6 6. O-O Qf6 {Argandoña is not theoretical at all, but he´s an imaginative
and dangerous opponent who likes to go his own way in the opening. However,
his plan in this game is too passive and he quickly reaches a worse position
with little counterplay.} 7. b3 Nh6 8. Ba3 Bxa3 9. Nxa3 Nf7 10. b4 $1 {White´s
plan is very straightforward: he´ll advance on the queenside and create
weaknesses there. Black, meanwhile, can do very little harm of his own.} a6 11.
Qb3 {I need my a-pawn in order to break with b5, so before moving my knight
back to c2 I decided to improve my queen.} O-O 12. Nc2 Nd7 13. a4 Nd6 14. b5 (
14. c5 Nf7 $1 {plays into Black´s hands, who can now break with ...e5 and get
his own plan on the kingside.}) 14... a5 {Argandoña is trying to keep the
queenside as closed as possible.} 15. Qc3 $5 {The idea behind this move is to
take e5 under control, which will allow Ne5 at some point. That should take me
closer to achieving one of my aims: reach a position with a good N vs a bad B
on c8.} Nc5 ({Rybka suggests} 15... dxc4 16. Bxc4 c5 {, but isn´t too
convinced with its position after} 17. Qb3 Nxc4 18. Qxc4 b6 19. dxc5 Nxc5 20.
Ncd4 Bb7 21. Nc6 Rf7 22. Rad1 {Control over the d-file gives White a very nice
edge.}) (15... c5 16. Qb3 dxc4 17. Bxc4 {is just a transposition to 15...dxc4.}
) 16. Ne5 Nxd3 17. Qxd3 Nxc4 18. Nxc4 dxc4 19. Qxc4 Bd7 (19... cxb5 20. Qxb5 {
is not what the c8-B is looking for.}) 20. b6 $1 {Of course. Now b7 and a5 are
potential targets and the bishop remains passive.} f4 {If Black doesn´t do
something quickly, I will bring my knight round to e5 or c5 and he will lose
without firing a shot.} 21. exf4 ({I considered} 21. e4 $6 f3 22. g3 {, but it
doesn´t make much sense to give Black real attacking chances on the kingside.})
21... Qxf4 22. Ne3 $1 {Looking forward to bring this knight to c4, hitting two
juicy squares, namely a5 and e5.} ({At first, I thought} 22. Ne1 {[%cal Ge1d3,
Gd3c5,Gd3e5] would be very strong, but then I realized that} c5 {would
activate the bishop more than I would like to.}) 22... Rf6 23. Qc5 Raf8 24. Nc4
Qh4 25. g3 $1 {The best way to meet any ...Rh6 ideas.} Qh3 26. f4 Rh6 ({
Black had a very interesting practical chance here in} 26... g5 $1 {, courtesy
of Rybka.} {Now} 27. Ra3 ({Here, while analysing with my silicon friend, I
liked} 27. Rf3 {, trying to keep the game under control, but Black can still
fight hard with} e5 $1 (27... gxf4 28. Ne5 Kh8 29. g4 Qh4 30. Qe7 Bc8 31. Rxf4
$18 {is precisely what White is looking for.}) 28. Nxe5 Bg4 29. Rc3 Be6 {
[%cal Ge6d5] The bishop is heading to d5.} 30. g4 Qh4 31. f5 Bxf5 32. gxf5 Rxf5
{...so much for trying to "keep it simple".}) 27... Qh6 28. Nd6 gxf4 29. Raf3
fxg3 (29... Qg7 30. Nxb7 Rf5 31. Qc3 Rb8 32. Nxa5 Rxb6 33. Nc4 Ra6 34. a5 $16)
30. Rxg3+ Rg6 (30... Kh8 31. Qe5 $18) 31. Rxf8+ Qxf8 32. Nxb7 Qf3 33. Qc2 $18 {
is winning for White, but it´s obvious that most humans could easily get lost
in this maze.}) 27. Ra2 e5 $5 {Losing, but probably best under the
circumstances.} 28. dxe5 Be6 29. Rd2 g5 (29... Bd5 30. Ne3 $18) 30. f5 $1 {
This finishes Black off.} Rxf5 31. Rd8+ Kg7 32. Qe7+ Rf7 33. Rxf7+ Bxf7 34.
Qxg5+ Rg6 35. Qf4 Qg4 (35... Rh6 36. g4 ({I had planned} 36. Rd2 Bxc4 37. Qxc4
{during the game, which is also good enough.}) 36... Qh4 37. Rd7 Qe1+ 38. Qf1 {
wins easily.}) 36. Qxg4 Rxg4 37. Nd6 Bd5 38. Rd7+ Kg6 39. Rxb7 Rb4 40. Rb8 c5
41. b7 Kg5 42. Nb5 Kg4 43. Rg8+ Kf3 44. Rf8+ Ke3 45. b8=Q Rb1+ 46. Rf1 Rb2 1-0

[Event "Olympiad-36"]
[Site "Mallorca"]
[Date "2004.10.17"]
[Round "3"]
[White "Atalik, Suat"]
[Black "Sanduleac, Vasile"]
[Result "1/2-1/2"]
[WhiteElo "2541"]
[BlackElo "2486"]
[Annotator "Atalik,S"]
[PlyCount "150"]
[EventDate "2004.10.15"]
[EventType "team-swiss"]
[EventRounds "14"]
[EventCountry "ESP"]
[SourceTitle "CBM 104"]
[Source "ChessBase"]
[SourceDate "2005.01.27"]
[SourceVersion "1"]
[SourceVersionDate "2005.01.27"]
[SourceQuality "1"]
[WhiteTeam "Bosnia&Herzegovina"]
[BlackTeam "Moldova"]
[WhiteTeamCountry "BIH"]
[BlackTeamCountry "MDA"]

1. d4 d5 2. c4 c6 3. Nc3 e6 {Vasile goes for some unexpected set up.} 4. e3 {
Solid!} (4. cxd5 $6 exd5 5. Bf4 Bd6 $1 $11 {Steals a tempo compared to
Makagonov lines.}) 4... f5 {So we have some sort of Stonewall over the board.}
5. Bd3 Nf6 6. Nge2 {Somehow my first experience with this set up.} Bd6 7. f3 (
7. O-O O-O (7... Bxh2+ $2 8. Kxh2 Ng4+ 9. Kg3 Qg5 10. f4 Qg6 11. Kf3 Nh2+ 12.
Kf2 Nxf1 13. Kxf1 $16) 8. f3 {is another way to get into the text.}) 7... O-O
8. O-O Qe7 $5 {Things are not very clear for both sides in this opening since
there ain't no established theory.} (8... b6) (8... Nbd7 9. Qc2 (9. cxd5 Nxd5
10. e4 Nxc3 11. bxc3 c5 $13)) (8... Kh8) (8... Qc7) 9. Qc2 {I am not fully
satisfied with this one.} (9. e4 $2 {White's center becomes very shaky after
this.} dxe4 $1 (9... fxe4 10. fxe4 dxe4 11. Bxe4 Nxe4 12. Rxf8+ Kxf8 13. Nxe4
Bxh2+ 14. Kxh2 Qh4+ 15. Kg1 Qxe4 16. Ng3 Qg6 17. Bf4 Kg8 18. Qf3 Nd7 19. Rf1
$44) 10. fxe4 e5 11. exf5 (11. Qb3 Kh8 12. exf5 exd4 13. Nxd4 Bc5 14. Nce2 Rd8
15. Rf4 Na6 16. a3 Qe5 17. Qc3 Bb6 18. b4 c5 $19) 11... exd4 12. Nxd4 Bc5 13.
Nce2 Rd8 14. Rf4 Qe5 15. Bc2 g5 $1 16. fxg6 Bg4 $19) ({With} 9. Bd2 $142 $5 {
white keeps all options open.}) 9... Bd7 $6 10. Bd2 $6 {Most likely this move
is not needed at all!} (10. e4 $142 fxe4 (10... dxe4 11. fxe4 e5 12. c5 Bc7 13.
Qb3+ Be6 14. Bc4 Bxc4 15. Qxc4+ Kh8 16. d5 $16) 11. fxe4 Ng4 (11... dxe4 12.
Bxe4 (12. Nxe4 Nxe4 13. Rxf8+ Kxf8 14. Bxe4 Bxh2+ 15. Kxh2 Qh4+ 16. Kg1 Qe1+
$11) 12... e5 13. c5 Bc7 14. Bg5 exd4 15. Bxh7+ Kh8 16. Ne4 Bxh2+ 17. Kxh2 Qe5+
18. Kg1 Nxh7 19. Rxf8+ Nxf8 20. Nd6 $16) 12. e5 (12. Rxf8+ $2 Qxf8 $17) 12...
Bxe5 13. Bxh7+ Kh8 14. Bf4 $1 $16) 10... Be8 $2 {He continues like nothing
will happen to him.} (10... c5 11. cxd5 Nxd5 12. Nxd5 exd5 13. dxc5 Bxc5 14.
Nd4 (14. Kh1 Bxe3 15. Bxe3 Qxe3 16. Nc3 $14) 14... f4 15. Rfe1 Nc6 16. Kh1 Nb4
17. Bxh7+ Kh8 18. Qb1 fxe3 19. Bxe3 Qh4 20. Bf5 Bxd4 21. Bxd7 Bxe3 22. Rxe3
Rad8 23. Bg4 d4 24. Re5 $16) 11. e4 fxe4 (11... dxe4 12. fxe4 e5 13. Ng3 $1
exd4 14. Nxf5 Qc7 15. Nxd6 Qxd6 16. Bf4 $16) 12. fxe4 e5 {He tries to confuse
the issue.} 13. exd5 $2 {Is this the best I doubt it!} (13. cxd5 exd4 14. Nxd4
Bc5 15. Nce2 $16) (13. c5 $142 $1 Bc7 14. exd5 cxd5 15. Bg5 Bc6 16. Bxh7+ Kh8
17. Rae1 e4 18. Bf5 $18 {would have finished him off rightaway.}) 13... exd4
14. Ne4 $5 {I was consumming a lot of time and trying to play safe in every
move.} (14. Nxd4 Ng4 15. Rxf8+ Qxf8 16. Bxh7+ Kh8 17. Qf5 Bxh2+ 18. Kh1 $18 {
would have done the job as well.}) 14... Nxe4 (14... Bg6 15. Nxd6 Bxd3 16. Qxd3
Qxd6 17. Bf4 $18) 15. Bxe4 $2 {Mistakes come in abundance in this game.} (15.
Rxf8+ Qxf8 16. Bxe4 $18) 15... Nd7 16. dxc6 (16. Nxd4 Bc5 17. Bc3 Rxf1+ 18.
Rxf1 Nf6 19. Re1 Nxe4 20. Rxe4 Qg5 21. Qe2 $16) (16. Bxh7+ Kh8 17. Rxf8+ Nxf8
18. Bd3 cxd5 19. cxd5 Bf7 $132) 16... Nf6 17. cxb7 Rd8 18. Bd3 Bc6 $2 {I felt
that something might have gone wrong and I was afraid of an immediate knight
jump.} (18... Ng4 19. Rxf8+ (19. h3 $2 Rxf1+ (19... Ne3 20. Bxh7+ Kh8 21. Rxf8+
Qxf8 22. Qe4 $18) 20. Rxf1 Ne3 21. Bxe3 Qxe3+ 22. Rf2 Bc6 23. Bxh7+ Kh8 24. Qf5
(24. Qd3 $2 Bxb7 25. Qxe3 dxe3 26. Rf7 Ba6 $132) 24... d3 25. Qxd3 Qb6 26. Qf5
Bc5 27. Bg6 Bxf2+ 28. Qxf2 Bxb7 29. Qxb6 axb6 $17) 19... Qxf8 20. Bxh7+ Kh8 21.
Qf5 Bd7 22. Qxf8+ Rxf8 23. Bd3 Bxh2+ 24. Kh1 Bb8 25. Nf4 $16) 19. Nf4 $18 {
This looks like a clear win and in fact it is.} Qxb7 20. Ne6 $2 {I knew that
this was not the best but the greed prevailed over my logic eventually.} (20.
Qb3 $142 {looks like the simplest.} Bxf4 (20... Qxb3 21. axb3) 21. Rxf4 $1 Bxg2
22. Ba5 Rd7 23. Qxb7 Bxb7 24. Bf5 $1 $18) (20. c5 $5 Bxf4 (20... Bb8 21. Ne6
Bxg2 22. Rxf6 Rxf6 23. Nxd8 Qf3 24. Bc4+ Kh8 25. Bf4 $18) 21. Bxf4 Nd5 22.
Bxh7+ Kh8 23. Bf5 Qf7 24. Bg6 Qf6 25. Bc7 Qxf1+ 26. Rxf1 Rxf1+ 27. Kxf1 Ne3+
28. Ke2 Nxc2 29. Bxd8 $18) 20... Bxg2 21. Nxd8 (21. Rxf6 $2 Rxf6 22. Nxd8 Qf3
$19) 21... Rxd8 {All of a sudden I have realised that there was a hole in my
calculation.} 22. Rxf6 $6 {This looked like being the only move in this
position to me but there was a better continuation.} (22. Rf2 $2 Bxh2+ $3 23.
Kxh2 Ng4+ 24. Kg3 Nxf2 25. Kxf2 Bh1 $3 (25... Qf3+ 26. Kg1 Bh3 27. Bxh7+ (27.
Bb4 $2 Re8 28. Bd6 {looks very risky.} Qe3+ 29. Kh1 Bg4 30. Kg2 Re6 $19) 27...
Kh8 28. Qe4 Qg3+ 29. Kh1 Bg4 30. Rf1 Qh3+ 31. Kg1 Qg3+ 32. Qg2 Qxg2+ 33. Kxg2
Kxh7 34. Rf7 Re8 $1 $14) 26. Bxh7+ Kh8 $19) (22. Ba5 $2 Bxf1 23. Bxd8 Bxd3 24.
Qxd3 Bxh2+ $19) (22. Rf5 $142 $1 Bh3 23. Rf2 Ng4 24. Bxh7+ Kh8 25. Qe4 Qxe4 26.
Bxe4 Nxf2 27. Kxf2 $16) 22... gxf6 23. Bxh7+ (23. Ba5 Rd7) 23... Kh8 $8 24. Qg6
$2 {Again I was in between two moves and again I have made the wrong choice.} (
24. Qf5 Bh1 (24... Rd7 25. Bg6 Rg7 26. Re1 $18) 25. Qh3 {The difference!} Qxh7
26. Qxh7+ Kxh7 27. Kxh1 Re8 28. Re1 Rxe1+ 29. Bxe1 Bf4 30. c5 d3 31. c6 Kg6 32.
Kg2 Kf5 33. Bd2 $18) 24... Bc6 $2 {He also stumbles.} (24... Bh3 25. Qxf6+ Kxh7
26. Qh6+ Kg8 27. Qxh3 Rd7 28. Bh6 (28. Qe6+ Kh8 29. Qe8+ Kh7 30. Qh5+ Kg8 31.
Bh6 Qe4 32. Rf1 d3 $132) 28... d3 29. Qg4+ Kh8 30. Qh5 Qe4 31. Bd2+ Kg8 32.
Qd5+ Qxd5 33. cxd5 Be5 $11) (24... Bh1 25. Rf1 Be5 26. Rf2 Rb8 (26... Bc6 27.
Rxf6 Bxf6 28. Qxf6+ Qg7+ 29. Qxg7+ Kxg7 30. Bd3 $14) 27. Bf4 (27. b3 $2 Bc6 $19
) 27... Qxh7 28. Qxh7+ Kxh7 29. Kxh1 Bxf4 30. Rxf4 Rxb2 31. Rxd4 Rxa2 $11) (
24... Qxb2 25. Qh6 Bf8 26. Qxf6+ Kxh7 27. Qxd8 Qxa1+ 28. Kxg2 Bg7 29. Qa5 $14)
25. Qxf6+ Qg7+ 26. Qxg7+ Kxg7 27. Bf5 $8 d3 $5 ({White meets} 27... Rh8 {with}
28. h3) (27... Kf6 28. Rf1 Rg8+ 29. Bg4+ Ke7 30. h3 Bd7 31. Kf2 Bxg4 32. hxg4
Rxg4 33. Kf3 $18) 28. h4 $2 ({Again} 28. Be3 d2 29. Rd1 Bb4 30. Bg4 $18 {
was an easy win.}) 28... Bc5+ $2 {Errors continue in mutual time trouble.} (
28... Be5 $1 29. Re1 Bd4+ 30. Kh2 Rf8 31. Rf1 Be4 32. Bc3 Bxc3 33. Rg1+ Kh8 34.
Bxe4 Be5+ 35. Kg2 d2 36. Kh3 Rf4 37. Bd5 Bxb2 38. Rd1 Rd4 $11) 29. Kh2 Bd4 $6 (
{After} 29... Rf8 $1 30. Rf1 Be4 31. Bc3+ Kh6 32. Bxe4 Rxf1 33. Bxd3 Rf3 34.
Be4 Bd6+ 35. Kg2 Rg3+ 36. Kf2 Rg4 37. Ke3 Rxh4 38. b4 $16 {white keeps his
winning chances but still this looks better than the game.}) 30. Kh3 Rf8 31.
Kg4 $1 {I did not want to get pinned on the f line which was the right
decision.} (31. Rf1 Bd7 $1 32. Kg4 Bxb2 33. h5 Bd4 $16) 31... Bxb2 32. Re1 Bf6
33. Re3 $2 {Worried about my king in the middle of the board lead to another
bad decision.} (33. h5 Rd8 34. h6+ Kf7 35. h7 $18) 33... Bxh4 34. Bc3+ Bf6 35.
Re7+ (35. Bxf6+ Rxf6 36. Rxd3 Rf7 $14) 35... Kg8 36. Bh7+ Kh8 37. Bxf6+ Rxf6
38. Bxd3 Rd6 $1 {The move I have missed, now it will be difficult to box his
pieces.} 39. Be2 (39. Bf5 Rd4+ 40. Kg5 Rxc4 41. Kf6 Rd4 $14) 39... Rd2 40. a3
Kg8 41. Kg5 Kf8 42. Re5 $4 {I had to get the king in.} (42. Kf6 Be8 ({He can
not effort going into bishops ending with} 42... Rd6+ $2 43. Re6 Rxe6+ 44. Kxe6
Ke8 45. Kd6) (42... Ra2 43. c5 Rxa3 44. Rc7 Be8 45. Rc8 $18) 43. c5 Rc2 44. Re5
Rc3 45. Rd5 Rxa3 46. Rd8 $18) 42... Be8 43. Bg4 $5 (43. Kf6 Rd6+ 44. Re6 Rd7
45. Ra6 Rf7+ 46. Ke5 Re7+ 47. Re6 Bf7 48. Rxe7 Kxe7 49. c5 Kd7 $14 {looked
like a draw to me.}) 43... Rd4 44. Be6 Ke7 $3 {I have missed this. Excellent
defense by my opponent who heads to the queenside with his king and gets out
of hook. This was caused by my unnecessarily stupid mistake on the 42nd move.}
45. Bg8+ Kd8 46. Ra5 Kc7 $5 {He does not want to get confined to the last
ranks with his king. Another great decision by my opponent.} (46... Rd6 47. Bd5
) (46... Rd7 47. Bd5) 47. Rxa7+ Kb6 48. Re7 Bc6 $11 {Despite of being two
pawns up the blockade is unbreakable.} 49. Re3 Rd2 50. Kf6 Kc5 51. Re5+ Kb6 52.
Bd5 $2 {I had to keep the bishops in. The rook ending is an immediate draw.}
Ba4 $5 (52... Bxd5 53. cxd5 Kc5 54. Ke6 Rh2 55. Rg5 Rh6+ 56. Ke5 Rh3 57. a4
Re3+ 58. Kf6 Kd6 $11) 53. Ke7 Kc7 54. Re3 Bd7 55. Be4 Bc6 56. Bd3 Ra2 57. Be2
Rd2 58. Ke6 Kb6 59. Re5 Ra2 60. Re3 Rd2 61. Ke7 Rd7+ 62. Ke6 Rd2 63. Kf5 Rd4
64. Bd3 Kc5 65. Re5+ Kb6 66. Be2 Rd2 67. c5+ {Enough maneuvering I went for
action and actually for the immediate draw!} Kc7 68. Bh5 Rf2+ 69. Kg5 Rc2 70.
Bg4 Rc3 71. Re7+ Kb8 72. Kf6 Rxa3 73. Ke5 Re3+ 74. Kd6 Rxe7 75. Kxe7 Kc7
1/2-1/2